Diccionario griego-español:
Guardado en:
| Format: | Bog |
|---|---|
| Sprog: | Undetermined |
| Udgivet: |
sin lugar
Vox
sin fecha
|
| Fag: | |
| Tags: |
Tilføj Tag
Ingen Tags, Vær først til at tagge denne postø!
|
MARC
| LEADER | 00000nam a2200000Ia 4500 | ||
|---|---|---|---|
| 008 | 170316s9999 xx 000 0 und d | ||
| 999 | |c 30745 |d 30745 | ||
| 040 | |a cru BVZT | ||
| 090 | |a R-413 D-1d GRIE-ESP | ||
| 245 | |a Diccionario griego-español: | ||
| 260 | |a sin lugar |b Vox |c sin fecha | ||
| 300 | |a 711 páginas | ||
| 500 | |a Sin datos en la contraportada | ||
| 650 | |a REFERENCIA |9 27 | ||
| 650 | 0 | |a DICCIONARIO |9 28 | |
| 650 | |a GRIEGO-ESPAÑOL | ||
| 942 | |c REF |2 z | ||
